Online Catalogue and eLibrary

Exile Tamil cinema a debate (Record no. 1134)

MARC details
000 -LEADER
fixed length control field 00432nam a2200145Ia 4500
005 - DATE AND TIME OF LATEST TRANSACTION
control field 20250522022515.0
008 - FIXED-LENGTH DATA ELEMENTS--GENERAL INFORMATION
fixed length control field 240331s9999 xx 000 0 und d
082 ## - DDC Classification
Class No. 302.23
Item Number - Author Mark ARU
100 ## - MAIN ENTRY--PERSONAL NAME
Personal name Arunthati
245 #0 - TITLE STATEMENT
Title Exile Tamil cinema a debate
260 ## - PUBLICATION, DISTRIBUTION, ETC.
Place of publication, distribution, etc. France & London
Name of publisher, distributor, etc. Mugam Pathippagam & Tamil Information Centre
Date of publication, distribution, etc. 2000
300 ## - PHYSICAL DESCRIPTION
Extent (e.g. Volumes, Pages etc.) 176 p .,
500 ## - GENERAL NOTE
General note A collection of essays on exile Tamil Cinema<br/> A debate
942 ## - Koha item type (Biblio)
Koha item type Books in Stacks (Lending)
Holdings
Lost status Damaged status Collection code Home library Current library Shelving location Date acquired Full call number Accession Number Item type
    Lending WERC Library WERC Library Social Science Cupboard 03/31/2024 302.23 ARU 4199 Books in Stacks (Lending)

© WERC Library